Statistics for 日向坂46のメンバー

Click here to take the quiz!

General Stats

  • This quiz has been taken 54 times
  • The average score is 19 of 36

Answer Stats

名前% Correct
1期佐々木美玲
77%
3期上村ひなの
74%
1期加藤史帆
71%
齊藤京子
71%
1期佐々木久美
71%
2期金村美玖
71%
2期小坂菜緒
71%
3期山口陽世
69%
影山優佳
69%
2期河田陽菜
66%
2期丹生明里
66%
柿崎芽実
63%
2期松田好花
60%
渡邉美穂
60%
1期高瀬愛奈
60%
3期森本茉莉
60%
2期富田鈴花
57%
2期濱岸ひより
57%
3期髙橋未来虹
57%
潮紗理菜
57%
1期高本彩花
54%
4期正源司陽子
54%
井口眞緒
54%
1期東村芽依
51%
宮田愛萌
51%
4期清水理央
40%
4期宮地すみれ
40%
4期藤嶌果歩
37%
4期平尾帆夏
34%
4期平岡海月
34%
4期山下葉留花
34%
岸帆夏
31%
4期渡辺莉奈
31%
4期竹内希来里
20%
4期石塚瑶季
20%
4期小西夏菜実
20%

Score Distribution

Percentile by Number Answered

Percent of People with Each Score

Your Score History

You have not taken this quiz